Statistics for UEFA Women's Euro 2022 Trivia

Click here to take the quiz!

General Stats

  • This quiz has been taken 12 times
  • The average score is 12 of 15

Answer Stats

HintAnswer% Correct
Host countryEngland
100%
WinnersEngland
100%
Runners-UpGermany
100%
Beaten Semi-FinalistFrance
92%
Beaten Semi-FinalistSweden
92%
Host stadium of the finalWembley Stadium
92%
Best PlayerBeth Mead
83%
Top Scorer (6 goals)Beth Mead
83%
Best Goalkeeper (as included in the team of the tournament)Mary Earps
83%
This country qualified for the tournament as a replacement for Russia, who were suspended after the invasion of UkrainePortugal
83%
This manager won her second consecutive Euros, after winning the 2017 tournament with the NetherlandsSarina Wiegman
83%
Top Scorer (6 goals)Alexandra Popp
67%
Goal scorer of the Best Goal awardAlessia Russo
58%
This country made their Euros debut at the tournamentNorthern Ireland
58%
Best Young PlayerLena Oberdorf
50%

Score Distribution

Percentile by Number Answered

Percent of People with Each Score

Your Score History

You have not taken this quiz